Bayern München: Alle Torschützen der 2010er - Statistiken

Allgemein
  • Dieses Quiz wurde 1.346 mal gespielt
  • Das Durchschnittsergebnis liegt bei 37 aus 52
Antwortstatistiken
Pos. Nat. Spieler % Korrekt
ST POL Robert Lewandowski
98%
MIT NED Arjen Robben
96%
MIT FRA Franck Ribery
95%
VER AUT David Alaba
94%
VER GER Philipp Lahm
94%
VER GER Jerome Boateng
93%
ST GER Thomas Müller
92%
VER CAN Alphonso Davies
91%
VER GER Mats Hummels
91%
MIT GER Bastian Schweinsteiger
89%
ST CRO Mario Mandzukic
89%
MIT GER Joshua Kimmich
86%
MIT FRA Kingsley Coman
86%
ST GER Mario Gomez
86%
MIT ESP Javi Martinez
85%
MIT CHI Arturo Vidal
83%
ST PER Claudio Pizarro
83%
VER BEL Daniel van Buyten
82%
MIT ESP Thiago
82%
MIT COL James Rodriguez
81%
MIT GER Serge Gnabry
81%
VER BRA Dante
80%
MIT GER Leon Goretzka
80%
VER FRA Benjamin Pavard
76%
MIT SUI Xherdan Shaqiri
76%
ST CRO Ivica Olic
75%
MIT FRA Corentin Tolisso
74%
MIT CRO Ivan Perisic
74%
ST BRA Douglas Costa
72%
VER ARG Martin Demichelis
72%
MIT ESP Xabi Alonso
72%
VER GER Niklas Süle
71%
VER MAR Mehdi Benatia
70%
ST GER Miroslav Klose
70%
MIT BRA Philippe Coutinho
69%
VER BRA Rafinha
69%
MIT POR Renato Sanches
67%
MIT TUR Hamit Altintop
65%
MIT GER Toni Kroos
65%
MIT GER Mario Götze
64%
VER ESP Juan Bernat
62%
ST NED Joshua Zirkzee
57%
MIT BRA Luiz Gustavo
53%
ST GER Sandro Wagner
50%
MIT UKR Anatoliy Tymoshchuk
43%
MIT GER Sebastian Rode
41%
MIT GER Sebastian Rudy
40%
MIT GER Emre Can
35%
MIT FRA Mickael Cuisance
32%
ST GER Nils Petersen
31%
VER GER Mitchell Weiser
23%
MIT GER Niklas Dorsch
19%
Keine übereinstimmenden Quizze gefunden
Verteilung der Resultate
Anzahl Personen mit jedem Resultat
Perzentil nach korrekt beantworteten Fragen
Ihre Resultats-Entwicklung
Sie haben dieses Quiz noch nicht gespielt